Teoría general de las normas
Uloženo v:
| Hlavní autor: | |
|---|---|
| Médium: | Kniha |
| Jazyk: | španělština |
| Vydáno: |
Ciudad de México
Trillas
1994
|
| Témata: | |
| Tagy: |
Přidat tag
Žádné tagy, Buďte první, kdo vytvoří štítek k tomuto záznamu!
|
MARC
| LEADER | 00000nam a2200000 a 4500 | ||
|---|---|---|---|
| 001 | UCQ1041 | ||
| 003 | CL-VaPUC | ||
| 008 | 980703e19940000MX |||||||||||||||||spa|d | ||
| 082 | 0 | 4 | |a 340.122 |b KEL |2 21 |
| 100 | |a Kelsen, Hans |e autor |9 255837 | ||
| 245 | 1 | 0 | |a Teoría general de las normas |
| 300 | |a 392 p | ||
| 942 | |c BK | ||
| 945 | |d 19980703 00:00:00 |a mvenant | ||
| 260 | |a Ciudad de México |b Trillas |c 1994 | ||
| 650 | 0 | |a Filosofía del derecho |9 255050 | |
| 650 | 0 | |a Ética |9 255099 | |
| 650 | 7 | |a NORMAS |2 CL-VaPUC |9 259606 | |
| 583 | |a last modification |c 19980703 00:00:00 |k Rodrigo Vera | ||
| 999 | |c 272050 |d 272048 | ||
| 952 | |0 0 |1 0 |4 0 |6 340_122000000000000_KEL_1994 |7 0 |8 A |9 306885 |a BIBEDU |b BIBEDU |d 2019-11-20 |i 3440737 |o 340.122 KEL 1994 |p 3440737 |r 2019-11-20 |w 2019-11-20 |y BK |k BME | ||
| 952 | |0 0 |1 0 |4 0 |6 340_122000000000000_KEL_1994 |7 0 |8 DER_TF |9 306886 |a BIBDER |b BIBDER |d 2019-11-20 |i 3973131 |o 340.122 KEL 1994 |p 3973131 |r 2023-01-25 |w 2019-11-20 |x Ubicación 4to Piso |y BK |z Estos recursos deben solicitarse con anticipación |k DER | ||